000 00676nam a2200217 a 4500
999 _c4423
_d4423
001 4423
003 BD-JhCC
005 20171127115350.0
008 171127s bg |||| |a|| 000 0 ben d
035 _a(BD-JhCC)4423
040 _aBD-JhCC
_dBD-JhCC
041 _aben
082 _a491.443
_bWAD
100 _aওদুদ, কাজী আবদুল
245 _aব্যবহারিক শব্দকোষ /
_cকাজী আবদুল ওদুদ (সংকলিত)
260 _aকলিকাতা :
_bশ্রীজগদীশ প্রেস,
300 _a1151 p. :
_c20 cm.
650 _aBengali Glossary
942 _2ddc
_cBK